EMPAYAR UTHMANIAH : (Record no. 204306)

MARC details
000 -LEADER
fixed length control field 01111nam a2200277 i 4500
005 - DATE AND TIME OF LATEST TRANSACTION
control field 20260517123215.0
008 - FIXED-LENGTH DATA ELEMENTS--GENERAL INFORMATION
fixed length control field 260517s2025 my abo gr 000 0dmay d
020 ## - INTERNATIONAL STANDARD BOOK NUMBER
International Standard Book Number 9786297659121
Terms of availability RM70.00
Qualifying information hardback
040 ## - CATALOGING SOURCE
Original cataloging agency PPAK
Language of cataloging eng
Transcribing agency PPAK
Description conventions rda
082 04 - DEWEY DECIMAL CLASSIFICATION NUMBER
Edition number 23
Classification number 956.1015
090 00 - LOCALLY ASSIGNED LC-TYPE CALL NUMBER (OCLC); LOCAL CALL NUMBER (RLIN)
Classification number (OCLC) (R) ; Classification number, CALL (RLIN) (NR) 956.1015
Feature heading CET
Feature heading G
100 1# - MAIN ENTRY--PERSONAL NAME
Personal name Çetinsaya, Gökhan,
Relator term author.
245 10 - TITLE STATEMENT
Title EMPAYAR UTHMANIAH :
Remainder of title SEJARAH TURKI UTHMANIAH DARI KABILAH KE IMPERIUM /
Statement of responsibility, etc. Karya Asal GÖKHAN ÇETINSAYA ; Terjemahan oleh Hasnita Shaari ; Penyunting; Sidang Biblio
264 #1 - PRODUCTION, PUBLICATION, DISTRIBUTION, MANUFACTURE, AND COPYRIGHT NOTICE
Place of production, publication, distribution, manufacture Kuala Lumpur :
Name of producer, publisher, distributor, manufacturer BRAVO GLOBAL VENTURE (M) SDN BHD,
Date of production, publication, distribution, manufacture, or copyright notice 2025
300 ## - PHYSICAL DESCRIPTION
Extent 387 pages :
Other physical details illustrations, maps, photographs ;
Dimensions 24 cm
336 ## - CONTENT TYPE
Source rdacontent
Content type term text
337 ## - MEDIA TYPE
Source rdamedia
Media type term unmediated
338 ## - CARRIER TYPE
Source rdacarrier
Carrier type term volume
500 ## - GENERAL NOTE
General note Includes bibliographical references.
650 10 - SUBJECT ADDED ENTRY--TOPICAL TERM
Topical term or geographic name entry element Islam and state
Geographic subdivision Turkey
General subdivision History.
Topical term or geographic name entry element Islam and politics
Geographic subdivision Turkey
General subdivision History.
651 #0 - SUBJECT ADDED ENTRY--GEOGRAPHIC NAME
Geographic name Turkey
General subdivision History
Chronological subdivision Ottoman Empire, 1288-1918.
700 0# - ADDED ENTRY--PERSONAL NAME
Personal name Hasnita Shaari,
Relator term translator.
710 2# - ADDED ENTRY--CORPORATE NAME
Corporate name or jurisdiction name as entry element Sidang Biblio,
Relator term editor.
942 ## - ADDED ENTRY ELEMENTS (KOHA)
Source of classification or shelving scheme Dewey Decimal Classification
Koha item type Book

No items available.